000 00848nam a2200241Ia 4500
003 GCL
008 140319s9999 xx 000 0 ara d
040 _aGCL /
_cGCL
082 0 4 _a915.3102
_bا ت
100 1 _aابراهيم بن سليمان الاحبيب
245 1 0 _aتوزيع الامطار فى جنوب غرب المملكة العربية السعودية /
_cابراهيم بن سليمان الاحبيب
260 _a[S.N] :
_bمعهد البحوث والدراسات العربية ،
_c1992
300 _a174 ص
490 _aسلسلة الدراسات الخاصة
_v0
650 0 4 _aالعلم
650 0 4 _aالسعودية
650 0 4 _aالمناخ
650 0 4 _aالارصاد الجوية
650 0 4 _aالامطار
650 0 4 _aالعواصف
650 0 4 _aالظواهر الجوية
942 _2ddc
_cBK
999 _c33476
_d33476